Similar-sized countries #5 - Uzbekistan - Statistics

General Stats
  • This quiz has been taken 53 times
  • The average score is 7 of 10
Answers on the Map
Answers color-coded by a green-red scale on the quiz's map according to % correct below.
 
Answer Stats
Area size (sq. km) Country % Correct
469,930 Turkmenistan
100%
437,367 Iraq
75%
410,335 Sweden
75%
397,302 Paraguay
70%
386,847 Zimbabwe
70%
364,546 Japan
68%
365,957 Norway
63%
472,710 Cameroon
58%
452,860 Papua New Guinea
58%
446,300 Morocco
50%
No matching quizzes found
Score Distribution
Percent of People with Each Score
Percentile by Number Answered
Your Score History
You have not taken this quiz